| 000 | 01359 a2200265 4500 | ||
|---|---|---|---|
| 001 | 31896 | ||
| 005 | 20260407155621.0 | ||
| 008 | 260407a1986 arg spa d | ||
| 003 | AR-UNSa-BCEJYS | ||
| 040 |
_aAR-UNSa-BCEJYS _bspa _cAR-UNSa-BCEJYS |
||
| 080 |
_a658 _xAdministración de empresas. Organización comercial |
||
| 245 | 1 | 0 | _aCiencia Administrativa |
| 020 | _a84-7351-190-5 | ||
| 264 | 1 |
_aMadrid : _bInstituto Nacional de Administración Pública (INAP) _c1986 |
|
| 300 |
_a2 v. _c21 cm. |
||
| 505 | _aVol. I: Parte Preliminar: 1. Las orientaciones de la ciencia administrativa - 2. Epistemología y metodología de la ciencia administrativa - Primera Parte : 1. La función coercitiva - 2. La función ideológica - Vol. II: Primera Parte : 1. El modelo de la organización burocráctico - 2. La búsqueda de otros modelos - Parte Dos: 1. Los modelos de interrelaciones con el entorno - 2. La dinámica de la organización - Parte Tres: 1. Los fundamentos de la demanda social - 2. La construcción de la demanda social - 3. El campo de acción - 4. El proceso decisional. | ||
| 041 | _aspa | ||
| 942 | _cBK | ||
| 590 | _aniveau_biblio:m niveau_hierar:0 | ||
| 100 | 1 | _aChevalier, Jacques | |
| 700 | 1 | _aLoschak, Daniele | |
| 700 | 1 | _aBergere Dezaphi, Joelle | |
| 700 | 1 | _aGomez Rivas, Jose Vicente | |
| 700 | 1 | _aOlias de Lima Gete, Blanca | |
| 999 |
_c2225 _d2225 |
||